De rebus ad canonum scientiam pertinentibus consultoris regii, et in taurinensi athenaeo decretalium professoris commentaria in...

Detalles Bibliográficos
Autor principal: BERARDO, Carlos Sebastián
Formato: Libro
Publicado: Madrid 1803
Edición:3a. ed.
Materias:
Colección:Banco de datos
Acervo:Biblioteca del Ex Convento de Nuestra Señora de Guadalupe. Zacatecas
Descripción Física:t. III
Tema general:Derecho Eclesiástico
Notas:Buena. III,6,8(837). Sin marca de fuego
LEADER 00824nam a22002170004500
035 |a 39210 
036 |a 394 
100 1 |a BERARDO, Carlos Sebastián 
245 1 0 |a De rebus ad canonum scientiam pertinentibus consultoris regii, et in taurinensi athenaeo decretalium professoris commentaria in... 
250 |a 3a. ed. 
260 |a Madrid  |b imp. Raymundi Ruíz  |c 1803 
300 |a t. III 
500 |a Buena. III,6,8(837). Sin marca de fuego 
650 1 0 |a Derecho Eclesiástico 
949 |a CRZ-CG 
959 |a Ex convento de Nuestra Señora de Guadalupe, Museo Regional de Zacatecas, Zacatecas  |b CCC4 
960 |a Convento de Nuestra Señora de Guadalupe, Zacatecas  |b DD87 
961 |a Franciscana  |b OF 
942 |c CRZ-CG 
943 |g Biblioteca del Ex Convento de Nuestra Señora de Guadalupe. Zacatecas 
999 |c 963337  |d 963337